01387nam a22002177a 45000010005000000030006000050050017000110080041000280200018000690400029000870500014001160820012001301000019001422450072001612600037002333000044002704900024003145200772003386500025011107000034011355635FISKH20251125155726.0250108b cb ||||| |||| 00| 0 eng d a9780439944557 aFISKHbengcFISKHdFISKH aGB612.G37 a551.415 aGaneri, Anita  aDesperate deserts /cby Anita Ganeri : Illustrated by Mike Phillips aNew York : bScholastic ;c2000. a159 pages : billustrations ; c21 cm . a Horrible Geography aGeography with the gritty bits left in Does geography grind you down? fed up with miserable maps, rotten rock piles and despicable data? Wave goodbye to boring geography lessons as you step onto the scorching sands of Desperate Deserts... Shudder as you're forced to drink camel pee to stay alive. Gasp as a single sand dune on the move buries whole villages. Scream when you come face to face with a deadly rattlesnake. Marvel at the brave desert explorer who trekked to Timbuktu. And if that's not desperate enough for you...find out about the desert where it snows, how to make a tasty pudding from camel milk and why cactus juice could be a deadly drink. Have you got what it takes to survive? It's earth-shatteringly exciting Geography has never been so horrible adesertsvnon-fiction aPhillips, Mike eillustrator